| 000 | 01196cam a22002895a 4500 | ||
|---|---|---|---|
| 001 | L158264 | ||
| 002 | 19946 | ||
| 008 | 090109s2014 xxk f 001 0 eng d | ||
| 020 | _a9781482255195 | ||
| 035 | _a(Sirsi) u158264 | ||
| 041 | 0 | _aeng | |
| 050 | 0 | 4 | _a692.5 $2 18 |
| 110 | 2 | _aAECOM | |
| 245 | 0 | 0 |
_aSpon's mechanical and electrical services price book _b2015 |
| 250 | _a46th ed. | ||
| 260 |
_aLondon _bCRC Press _bTaylor and Francis _c2015 |
||
| 300 |
_axv, 823p. _c26cm. |
||
| 350 | _a155 | ||
| 505 | 2 | _aEngineering features -- Approximate estimating -- Material costs/measured work prices for mechanical installations -- Rates of wages -- Daywork -- Tables and memoranda | |
| 520 | _aProvides detailed pricing information across the full range of mechanical and electrical services, together with higher level costs for a wide range of systems and different building applications. Includes new infrastructure section with connection scenarios and costs. Contains revisions on renewable energy sections. | ||
| 520 | _aSupersedes 45th edition | ||
| 521 | _aAdvanced | ||
| 590 | _aKA | ||
| 651 | 4 |
_aUnited Kingdom _y |
|
| 690 | _aBUILT ENVIRONMENT-BUILDING COSTS | ||
| 942 | _n0 | ||
| 999 |
_c115231 _d115231 |
||